Studies in a new hypertension clinic in Malaysia /
Saved in:
| Main Author: | |
|---|---|
| Format: | Thesis Book |
| Language: | English |
| Published: |
1971.
|
| Subjects: | |
| Tags: |
Add Tag
No Tags, Be the first to tag this record!
|
| LEADER | 00746cam a2200217 a 4500 | ||
|---|---|---|---|
| 001 | u377886 | ||
| 003 | SIRSI | ||
| 008 | 930515s1971 uk 00 1 eng | ||
| 035 | |a ABW-8026 | ||
| 040 | |a UMP | ||
| 096 | |a WG340 |b Bur 1971 | ||
| 100 | 1 | 0 | |a Burns-Cox, Christopher John. |
| 245 | 1 | 0 | |a Studies in a new hypertension clinic in Malaysia / |c Christopher John Burns-Cox. |
| 260 | 0 | |c 1971. | |
| 300 | |a 150 leaves : |b ill. ; |c 30 cm. | ||
| 502 | |a Thesis (Doctor of Medicine )--Faculty of Medicine, University of London, 1971. | ||
| 650 | 2 | |a Hypertension |z Malaysia. | |
| 710 | 2 | 0 | |a Faculty of Medicine, University of London. |
| 948 | |a 27/07/1995 |b 04/05/1999 | ||
| 596 | |a 2 | ||
| 999 | |a WG340 BUR 1971 |w NLM |c 1 |i A502452984 |l STACKS |m P02MEDKL |r Y |s Y |t TESIS |u 18/9/2000 | ||
